| 000 | 00699nam a2200193 a 4500 | ||
|---|---|---|---|
| 008 | 120416s1989 ||||||||||||||||| || u | ||
| 020 | _a0387515623 | ||
| 050 | _aTA 347.B5 Kar | ||
| 100 | _aKarami, G | ||
| 245 | 1 | 2 |
_aA boundary element method for two-dimensional contact problems _cedited by C. A. Brebbia |
| 260 |
_aBerlin _bSpringer-Verlag _c1989 |
||
| 300 | _aviii, 243p. : ill | ||
| 350 | _a0.00 | ||
| 650 | _aBOUNDARY ELEMENTS METHODS | ||
| 650 | _aSURFACES (TECHNOLOGY) | ||
| 700 | _aOrszag, S. A | ||
| 700 | _aBrebbia, C. A | ||
| 995 |
_D0.00 _FCBU-MAIN LIBRARY (Kitwe) _H1 _I4.90 _M1 _UAVAILABLE _ZMain Library Open Access Collection |
||
| 999 |
_c36070 _d36070 |
||